Sistematización de experiencias que han recuperado e implementado conocimientos y saberes ancestrales o locales en las buenas prácticas de adaptación al cambio climático en la región Cusco / (Record no. 23080)

000 -CABECERA
fixed length control field 01568nam a22003017i 4500
003 - IDENTIFICADOR DEL NÚMERO DE CONTROL
control field AR-CdUCM
008 - DATOS DE LONGITUD FIJA--INFORMACIÓN GENERAL
fixed length control field 240923b20202020 pe||||| |||| 00| 0 spa d
040 ## - FUENTE DE LA CATALOGACIÓN
Agencia/entidad que catalogó originalmente la obra MUNICIPALIDAD PROVINCIAL DEL CUSCO
Entidad que transcribió la catalogación BIBLIOTECA MUNICIPAL DEL CUSCO
082 ## - NÚMERO DE LA CLASIFICACIÓN DECIMAL DEWEY
No. de Clasificación 600 / D11
Notacion interna D11
110 ## - ENTRADA PRINCIPAL--NOMBRE DE ENTIDAD CORPORATIVA
Nombre de la institución, jurisdicción como entrada principal Dirección Desconcentrada de Cultura de Cusco
9 (RLIN) 44310
245 ## - MENCIÓN DE TÍTULO
Título Sistematización de experiencias que han recuperado e implementado conocimientos y saberes ancestrales o locales en las buenas prácticas de adaptación al cambio climático en la región Cusco /
260 ## - PUBLICACIÓN, DISTRIBUCIÓN, ETC.
Lugar de publicación, distribución, etc. Perú :
Nombre de la editorial, distribuidor, etc. Dirección Desconcentrada de Cultura de Cusco
Fecha de publicación, distribución, etc. 2020
300 ## - DESCRIPCIÓN FÍSICA
Nº de Páginas Extensión 148 páginas. :
Dimensiones 24.5 cm
500 ## - NOTA GENERAL
Bibliografía Bibliografía: páginas 134-139
505 ## - NOTA DE CONTENIDO CON FORMATO
Nota de contenido formateada Normas y documentos de gestión que disponen la incorporación de saberes ancestrales o locales en las prácticas de adaptación al cambio climático -- Principales desafíos en la adaptación al cambio climático en la región Cusco -- Punto de partida para la adaptación al cambio climático basada en saberes ancestrales o locales -- Experiencias de adaptación al cambio climático basadas en conocimientos ancestrales o locales.
650 ## - PUNTO DE ACCESO ADICIONAL DE MATERIA--TÉRMINO DE MATERIA
Descriptor Precipitaciones
9 (RLIN) 50633
650 ## - PUNTO DE ACCESO ADICIONAL DE MATERIA--TÉRMINO DE MATERIA
Descriptor Incremento
9 (RLIN) 50634
650 ## - PUNTO DE ACCESO ADICIONAL DE MATERIA--TÉRMINO DE MATERIA
Descriptor Naturaleza
9 (RLIN) 4241
650 ## - PUNTO DE ACCESO ADICIONAL DE MATERIA--TÉRMINO DE MATERIA
Descriptor Organización
9 (RLIN) 4866
650 ## - PUNTO DE ACCESO ADICIONAL DE MATERIA--TÉRMINO DE MATERIA
Descriptor Predicción climática
9 (RLIN) 50635
650 ## - PUNTO DE ACCESO ADICIONAL DE MATERIA--TÉRMINO DE MATERIA
Descriptor Sistemas de labranzas
9 (RLIN) 50636
650 ## - PUNTO DE ACCESO ADICIONAL DE MATERIA--TÉRMINO DE MATERIA
Descriptor Agrobiodiversidad
9 (RLIN) 50637
650 ## - PUNTO DE ACCESO ADICIONAL DE MATERIA--TÉRMINO DE MATERIA
Descriptor Agricultura
9 (RLIN) 320
650 ## - PUNTO DE ACCESO ADICIONAL DE MATERIA--TÉRMINO DE MATERIA
Descriptor Pronóstico
9 (RLIN) 50638
942 ## - ELEMENTOS DE PUNTO DE ACCESO ADICIONAL (KOHA)
Fuente de clasificación
Tipo de item Libros-BMC
945 ## - PROCESAMIENTO DE INFORMACIÓN LOCAL (OCLC)
Catalogador pbj
AAAA-MM-DD - Fecha de ingreso o modificacion 2024-09-23
Holdings
Estado de retiro (separado) Fuente de clasificación o esquema de estanterías Estado dañado Ubicación Sala donde se ubica Nombre de la colección Fecha de adquisición o compra Fuente de adquisición Costo, precio normal en soles Signatura topográfica Código de Barras Última vez visto (Koha) Tipo de ítem (Koha)
No     Sala Ciencias Sala Ciencias Book Cart 2024-09-23 Donación 20.00 600 / D11 SC0000002435 2024-09-23 Libros-BMC

Powered by Koha